| 000 | 00396nam a2200157Ia 4500 | ||
|---|---|---|---|
| 008 | 151213s9999 xx 000 0 und d | ||
| 100 | _aMiganur Rahman | ||
| 245 |
_aAn Introduction to Registration Act & Rules _cMiganur Rahman |
||
| 250 | _a2nd | ||
| 260 |
_aDhaka _bHazi Abu Shayed |
||
| 300 | _a3208 p. | ||
| 650 | _aLaw | ||
| 650 | _aLaw | ||
| 700 | _aMiganur Rahman | ||
| 999 |
_c2213 _d2213 |
||